logo

Bir Sreshtho Munshi Abdur Rouf Library
Jhenaidah Cadet College

রিফলেকশন : (Record no. 12613)

MARC details
000 -LEADER
fixed length control field 00946nam a2200229 a 4500
001 - CONTROL NUMBER
JCCL Control Number 12613
003 - CONTROL NUMBER IDENTIFIER
JCCL marc code BD-JhCC
005 - DATE AND TIME OF LATEST TRANSACTION
control field 20221017092252.0
008 - FIXED-LENGTH DATA ELEMENTS--GENERAL INFORMATION
fixed length control field 221017s2022 bg |||| |||| 000 0 ban d
035 ## - SYSTEM CONTROL NUMBER
system control number (BD-JhCC)12613
040 ## - CATALOGING SOURCE
Original cataloging agency BD-JhCC
Modifying agency BD-JhCC
041 ## - LANGUAGE CODE
Language code of Book Bangla
082 ## - DEWEY DECIMAL CLASSIFICATION NUMBER
Classification number 297.74
Author mark and Year IBN 2022
100 ## - MAIN ENTRY--PERSONAL NAME
Personal name ইবনে ইউসুফ, এনামুল হক
245 ## - TITLE STATEMENT
Title রিফলেকশন :
Remainder of title বিবেকের দর্পণে হিদায়াতের প্রতিফলন /
Statement of responsibility, etc এনামুল হক ইবনে ইউসুফ,
260 ## - PUBLICATION, DISTRIBUTION, ETC. (IMPRINT)
Place of publication, distribution, etc ঢাকা :
Name of publisher, distributor, etc আল ইখলাছ পাবলিকেশন,
Date of publication, distribution, etc ২০২২
300 ## - PHYSICAL DESCRIPTION
Pagination ২৪৮ পৃ. :
Dimensions ২২ সেমি.
504 ## - BIBLIOGRAPHY, ETC. NOTE
Bibliography, etc প্রতি পৃষ্ঠায় গ্রন্থপঞ্জি অর্ন্তভূক্ত।
650 ## - SUBJECT ADDED ENTRY--TOPICAL TERM
Topical term or geographic name as entry element Religious Life--- Islam
650 ## - SUBJECT ADDED ENTRY--TOPICAL TERM
Topical term or geographic name as entry element Dawah (islam)
942 ## - ADDED ENTRY ELEMENTS (KOHA)
Source of classification or shelving scheme Dewey Decimal Classification
Koha item type Books
Holdings
Source of classification or shelving scheme Damaged status Not for loan Home library Current library Shelving location Date of accession Cost, normal purchase price Total Checkouts Full call number Barcode Date last seen Date checked out Copy number Koha item type
Dewey Decimal Classification     JCC Rouf Library JCC Rouf Library General Stacks 10/17/2022 340.00 8 297.74 IBN 2022 17437 11/16/2025 07/16/2025 C-1 Books

JCC Library | Contacts | JCC Home

Last Update on 23 September 2017
Copyright @ 2017-2020 JCC Rouf Library
Rouf Library, Jhenidah Cadet College (JCC), Bangladesh